[Event "66th ch-RUS HL w 2016"]
[Site "Kolomna RUS"]
[Date "2016.07.01"]
[Round "9.6"]
[White "Savina, Anastasia"]
[Black "Schepetkova, Margarita"]
[Result "1/2-1/2"]
[WhiteElo "2384"]
[BlackElo "2355"]
[EventDate "2016.06.22"]

1. Nf3 d5 2. c4 c6 3. g3 Nf6 4. Bg2 dxc4 5. Qc2 Nbd7 6. Na3 Nb6 7. Nxc4
Nxc4 8. Qxc4 Qd5 9. b3 g6 10. Bb2 Bg7 11. Qxd5 cxd5 12. Rc1 O-O 13. Ba3 Re8
14. Rc7 Bf8 15. O-O a5 16. Ne5 a4 17. b4 Ne4 18. b5 Nxd2 19. Rd1 Nc4 20.
Nxc4 dxc4 21. Rxc4 Be6 22. Rc7 Bxa2 23. Bxb7 Rad8 24. Ra1 Bd5 25. Bxd5 Rxd5
26. b6 Rb5 27. b7 Rb8 28. Bxe7 R8xb7 29. Rxb7 Rxb7 30. Bxf8 Kxf8 31. Rxa4
h5 32. Kg2 Kg7 33. e4 Rb5 34. Kf3 Rb3+ 35. Kg2 Rb5 36. Rd4 Kf6 37. h4 Ke5
38. Rd7 f5 39. exf5 Kxf5 40. Rf7+ Ke6 41. Rf8 Rb3 42. Rf3 Rb1 43. Rf4 Rb3
44. Kh3 Ra3 45. f3 Rb3 46. g4 hxg4+ 47. Kxg4 Rb5 48. Rf8 Ra5 49. f4 Ke7 50.
Rh8 Kf6 51. Rb8 Rc5 52. Rb6+ Kg7 53. Re6 Kh6 54. Kf3 Kg7 55. Re5 Rc1 56.
Re3 Kf6 57. Ra3 Rh1 58. Kg4 Rg1+ 59. Rg3 Rh1 60. Rg2 Ra1 61. Rg3 Rh1 62.
Ra3 Rg1+ 63. Kf3 Rf1+ 64. Ke4 Re1+ 65. Kf3 Rf1+ 66. Kg4 Rg1+ 67. Rg3 Rh1
68. Rg2 Ra1 69. Kh3 Rh1+ 1/2-1/2

[Event "66th ch-RUS HL w 2016"]
[Site "Kolomna RUS"]
[Date "2016.07.01"]
[Round "9.7"]
[White "Vasilevich, Tatjana"]
[Black "Styazhkina, Anna"]
[Result "1-0"]
[WhiteElo "2367"]
[BlackElo "2297"]
[EventDate "2016.06.22"]

1. Nf3 d5 2. e3 Nf6 3. c4 c6 4. Nc3 Bg4 5. cxd5 Bxf3 6. Qxf3 cxd5 7. d4 e6
8. Bd3 Bd6 9. O-O O-O 10. Qe2 Nc6 11. f4 Re8 12. Bd2 Nd7 13. Rfc1 a6 14.
Na4 Rc8 15. a3 b5 16. Nc5 Bxc5 17. dxc5 e5 18. Qd1 exf4 19. exf4 Qf6 20.
Kh1 Qd4 21. Bf5 Rc7 22. Bc3 Qxf4 23. Qxd5 Nde5 24. Rf1 Qc4 25. Rad1 Qxd5
26. Rxd5 f6 27. Rd6 Nc4 28. Be6+ Kf8 29. Rd7 Re7 30. Rxc7 Rxc7 31. Bxc4
bxc4 32. Rf4 g5 33. Rxc4 f5 34. Kg1 Kf7 35. b4 Ke6 36. Bd2 f4 37. h4 Rd7
38. Rc2 Nd4 39. Rb2 h6 40. hxg5 hxg5 41. Bc3 Nf5 42. Re2+ Ne3 43. Bd2 Rd3
44. Kf2 g4 45. Bxe3 g3+ 46. Kf3 Kf5 47. c6 Rc3 48. a4 fxe3 49. b5 Rc5 50.
Rb2 1-0

[Event "66th ch-RUS HL w 2016"]
[Site "Kolomna RUS"]
[Date "2016.07.01"]
[Round "9.8"]
[White "Maltsevskaya, Aleksandra"]
[Black "Zaiatz, Elena"]
[Result "1-0"]
[WhiteElo "2285"]
[BlackElo "2344"]
[EventDate "2016.06.22"]

1. e4 e5 2. Nf3 Nc6 3. Bb5 a6 4. Ba4 Nf6 5. O-O Be7 6. Re1 b5 7. Bb3 d6 8.
c3 O-O 9. h3 Na5 10. Bc2 c5 11. d4 Qc7 12. Nbd2 cxd4 13. cxd4 Rd8 14. b3
Bb7 15. Bb2 Nc6 16. Rc1 Qb6 17. a3 exd4 18. b4 Rac8 19. Nb3 d5 20. e5 Ne4
21. Nbxd4 a5 22. Qe2 axb4 23. e6 f6 24. Nf5 Bc5 25. Bxe4 dxe4 26. N3h4 Rc7
27. Qg4 Rf8 28. Rxc5 Qxc5 29. Rc1 Qd5 30. e7 Rxe7 31. Rxc6 Rfe8 32. Nxe7+
Rxe7 33. Nf5 Rd7 34. Rd6 1-0

[Event "66th ch-RUS HL w 2016"]
[Site "Kolomna RUS"]
[Date "2016.07.01"]
[Round "9.9"]
[White "Gvanceladze, Anna"]
[Black "Gritsayeva, Oksana"]
[Result "0-1"]
[WhiteElo "2179"]
[BlackElo "2336"]
[EventDate "2016.06.22"]

1. d4 g6 2. Nf3 Bg7 3. Bf4 d6 4. e3 Nd7 5. h3 e5 6. Bh2 Nh6 7. c3 O-O 8.
Nbd2 Qe7 9. Qc2 Nf5 10. O-O-O exd4 11. cxd4 Nb6 12. Kb1 Be6 13. Rc1 Rac8
14. g4 Nh4 15. Nxh4 Qxh4 16. Bg3 Qe7 17. Bg2 c5 18. Qe4 d5 19. Qd3 c4 20.
Qc2 Rfd8 21. Ka1 Na8 22. Qa4 Rc6 23. Rc3 Ra6 24. Qb5 Rb6 25. Qa4 Bf8 26.
Rd1 Ra6 27. Qb5 Nb6 28. e4 Rc8 29. Nxc4 Rxc4 30. Rxc4 dxc4 31. Qc5 Qd7 0-1

[Event "66th ch-RUS HL w 2016"]
[Site "Kolomna RUS"]
[Date "2016.07.01"]
[Round "9.10"]
[White "Dordzhieva, Dinara"]
[Black "Chernyak, Viktoria"]
[Result "1/2-1/2"]
[WhiteElo "2296"]
[BlackElo "2196"]
[EventDate "2016.06.22"]

1. Nf3 Nf6 2. c4 e6 3. g3 b6 4. Bg2 Bb7 5. O-O Be7 6. b3 O-O 7. Bb2 c5 8.
e3 d6 9. Qe2 Nbd7 10. d3 a6 11. Nc3 Qc7 12. Rad1 Ne5 13. e4 Nxf3+ 14. Bxf3
Rab8 15. Bg2 Bc6 16. f4 Nd7 17. Nd5 exd5 18. exd5 Bxd5 19. Bxd5 Bf6 20. d4
Rfe8 21. Qf2 Re7 22. dxc5 dxc5 23. Bf3 Rbe8 24. Bxf6 Nxf6 25. Rfe1 h6 26.
Kf1 Rxe1+ 27. Rxe1 Rxe1+ 28. Qxe1 Qd6 29. Qe3 Kf8 30. h4 g6 31. Ke2 h5 32.
Ke1 Kg7 33. Ke2 Kf8 34. Ke1 Kg7 35. Ke2 1/2-1/2

[Event "66th ch-RUS HL w 2016"]
[Site "Kolomna RUS"]
[Date "2016.07.01"]
[Round "9.11"]
[White "Khokhlova, Daria"]
[Black "Mirzoeva, Elmira"]
[Result "1/2-1/2"]
[WhiteElo "2214"]
[BlackElo "2344"]
[EventDate "2016.06.22"]

1. d4 d5 2. c4 c6 3. Nf3 Nf6 4. e3 Bf5 5. Nc3 e6 6. Nh4 Be4 7. f3 Bg6 8.
Qb3 Qc7 9. Bd2 Be7 10. g3 Nbd7 11. cxd5 Nxd5 12. Nxg6 hxg6 13. e4 Nxc3 14.
bxc3 c5 15. Rc1 Rd8 16. Kf2 Bd6 17. Kg2 Kf8 18. Be2 Nb8 19. Be3 Kg8 20. f4
Nc6 21. Rhd1 Kh7 22. h4 Be7 23. Qb1 Qb6 24. Qxb6 axb6 25. Rb1 Ra8 26. Rxb6
Rxa2 27. Kf3 cxd4 28. cxd4 Na5 29. Bd2 Ra3+ 30. Kf2 Rc8 31. Bxa5 Rxa5 32.
Rxb7 Bd8 33. Rxf7 Rc2 34. Kf3 Raa2 35. Bd3 Rh2 36. f5 Raf2+ 37. Kg4 Rd2 38.
fxg6+ Kxg6 39. Rxd2 Rxd2 40. Rf3 Bb6 41. d5 exd5 42. exd5+ Kh6 43. d6 g6
44. d7 Kg7 45. Re3 Kf6 46. Kf3 Bc7 47. g4 Bd8 48. g5+ Kg7 49. Kg4 Rd1 50.
Re8 Rxd3 51. Rxd8 Rd4+ 52. Kf3 Rd1 53. Ke3 Rd6 54. Ke4 Rd1 55. Re8 Rxd7 56.
Ke5 Ra7 57. Rd8 Re7+ 58. Kd5 Re1 59. Rd7+ Kg8 60. Kc5 Rc1+ 61. Kd6 Rh1 62.
Ke6 Rxh4 63. Kf6 Rf4+ 64. Kxg6 Rf8 65. Rg7+ Kh8 66. Ra7 Rg8+ 67. Kf6 Rf8+
68. Rf7 Ra8 69. Kg6 Kg8 70. Rg7+ Kh8 71. Kh6 Ra6+ 72. Rg6 Ra8 73. Rb6 Rc8
74. g6 Kg8 75. Rb7 Ra8 76. Rb8+ 1/2-1/2

[Event "66th ch-RUS HL w 2016"]
[Site "Kolomna RUS"]
[Date "2016.07.01"]
[Round "9.12"]
[White "Belenkaya, Dina"]
[Black "Diakonova, Ekaterina"]
[Result "1-0"]
[WhiteElo "2299"]
[BlackElo "2212"]
[EventDate "2016.06.22"]

1. e4 d6 2. d4 Nf6 3. Nc3 e5 4. Nf3 Nbd7 5. Bc4 Be7 6. a4 c6 7. O-O a5 8.
Re1 O-O 9. Bf1 Re8 10. b3 exd4 11. Nxd4 Nc5 12. Bb2 Bf8 13. f3 Qb6 14. Kh1
Bd7 15. Qd2 Rad8 16. Rad1 Na6 17. Qg5 Qc5 18. Qc1 Nb4 19. Qa1 Nh5 20. Qc1
Nf6 21. Qd2 Qh5 22. Nce2 b5 23. axb5 cxb5 24. Nf5 Bxf5 25. Ng3 Qh4 26. Nxf5
Qh5 27. g4 Nxg4 28. fxg4 Qxg4 29. Bxb5 Rxe4 30. Nh6+ gxh6 31. Rg1 1-0

[Event "66th ch-RUS HL w 2016"]
[Site "Kolomna RUS"]
[Date "2016.07.01"]
[Round "9.13"]
[White "Khazieva, Elza"]
[Black "Makarenko, Alexandra"]
[Result "1/2-1/2"]
[WhiteElo "2128"]
[BlackElo "2269"]
[EventDate "2016.06.22"]

1. e4 c5 2. Nf3 Nc6 3. Bb5 e5 4. d3 d6 5. Bxc6+ bxc6 6. h3 g6 7. Be3 Rb8 8.
b3 Bg7 9. O-O Ne7 10. c3 O-O 11. Nbd2 f5 12. exf5 gxf5 13. Bg5 Qc7 14. Bxe7
Qxe7 15. Re1 Be6 16. Rb1 h6 17. Qc2 Qc7 18. Nc4 Rbe8 19. Rbd1 Bc8 20. d4
cxd4 21. cxd4 exd4 22. Na3 Rxe1+ 23. Rxe1 Ba6 24. b4 d3 25. Qb3+ Qf7 26.
Qa4 Bb7 27. Rd1 Qd5 28. Qb3 Qxb3 29. axb3 Ba6 30. b5 cxb5 31. Rxd3 b4 32.
Rxd6 bxa3 33. Rxa6 Bb2 34. Nd2 Rb8 35. Rxa7 Bc1 36. Nc4 Rxb3 37. g3 Rc3 38.
Nd6 Rc2 39. Nxf5 a2 40. Nd4 Rb2 41. Nb3 Bg5 42. h4 Bf6 43. Nc1 Rb1 44. Rxa2
Rxc1+ 45. Kg2 Kf7 46. Ra7+ Kg6 47. Ra6 h5 48. Ra3 Rc2 49. Rf3 Be5 50. Kg1
Bd4 51. Rf4 Bf6 52. Rf3 Rc5 53. Kg2 Kf7 54. Rf4 Ke6 55. Re4+ Kf5 56. Rf4+
Ke5 57. Kf3 Rc3+ 58. Kg2 Bg7 59. Rb4 Bf8 60. Ra4 Rc2 61. Kf1 Bc5 62. Rf4
Ba3 63. Ra4 Bf8 64. Kg1 Bc5 65. Rf4 Bd4 66. Kg2 Ra2 67. Kf1 Ra1+ 68. Kg2
Bc5 69. Kh3 Ra2 70. Kg2 Be3 71. Rf8 Kd6 72. Rf3 Bc1 73. Rf5 Ke6 74. Rxh5
Be3 75. Kh3 Bxf2 76. Rg5 Kf6 77. Rg8 Kf7 78. Rg5 Be3 79. Rf5+ Kg6 80. Rf3
Bg1 81. Kg4 Ra4+ 82. Rf4 Ra5 83. Rc4 Ra6 84. Re4 Ba7 85. h5+ Kh6 86. Kh4
Bc5 87. Re5 Bd4 88. Rf5 Bf6+ 89. Kh3 Bc3 90. g4 Be1 91. Rf3 Rb6 92. Re3 Bd2
93. Rd3 Bf4 94. Kg2 Rb4 95. Kf3 Bb8 96. Rd8 Bc7 97. Rd7 Rc4 98. Re7 Rc6 99.
Ke4 Bg3 100. Kd5 Rd6+ 101. Ke4 Bh4 102. Re8 Ra6 103. Kf5 Rf6+ 104. Ke5 Rf1
105. Re6+ Kh7 106. Rg6 Re1+ 107. Kd5 Bg3 108. Kd4 Re5 109. Kd3 Bf4 110. Kd4
Ra5 111. Ke4 Ra4+ 112. Kd5 1/2-1/2

[Event "66th ch-RUS HL w 2016"]
[Site "Kolomna RUS"]
[Date "2016.07.01"]
[Round "9.14"]
[White "Faizutdinova, Diana"]
[Black "Travkina, Anastasia"]
[Result "0-1"]
[WhiteElo "2006"]
[BlackElo "2267"]
[EventDate "2016.06.22"]

1. c4 c6 2. d4 d5 3. cxd5 cxd5 4. Nc3 Nf6 5. Bf4 Nc6 6. e3 Qb6 7. Bd3 e6 8.
Nge2 Nh5 9. Bg3 Nxg3 10. hxg3 h6 11. Rc1 Bd7 12. a3 Na5 13. Na4 Qb3 14. Bc2
Qb5 15. Nec3 Qa6 16. b4 Nc4 17. Nc5 Bxc5 18. bxc5 Qxa3 19. Bb3 Nb2 20. Qc2
Nd3+ 21. Qxd3 Qxc1+ 22. Bd1 Qa3 23. O-O b6 24. e4 dxe4 25. Qxe4 Rc8 26. Ne2
bxc5 27. d5 Qb4 28. Qe5 O-O 29. Bc2 exd5 30. Nf4 Rfe8 31. Qxd5 Bc6 32. Qf5
Be4 0-1

[Event "66th ch-RUS HL w 2016"]
[Site "Kolomna RUS"]
[Date "2016.07.01"]
[Round "9.15"]
[White "Maslova, Polina"]
[Black "Solozhenkina, Elizaveta"]
[Result "1-0"]
[WhiteElo "2249"]
[BlackElo "2123"]
[EventDate "2016.06.22"]

1. e4 e5 2. Nf3 Nc6 3. Bb5 a6 4. Ba4 Nf6 5. O-O Be7 6. Bxc6 dxc6 7. d3 Nd7
8. b3 O-O 9. Bb2 f6 10. Qe2 c5 11. Nh4 Re8 12. Nf5 Nf8 13. Nxe7+ Qxe7 14.
Nc3 Ne6 15. Qd2 Bd7 16. Nd5 Qd6 17. f4 Nxf4 18. Nxf4 exf4 19. Rxf4 b5 20.
Raf1 Rf8 21. Qf2 Rae8 22. h4 h5 23. Ba3 b4 24. Bc1 Re5 25. Bb2 Ree8 26. d4
cxd4 27. Bxd4 Qc6 28. e5 f5 29. Re1 Rf7 30. Qe2 Qh6 31. Rf2 a5 32. Qc4 Be6
33. Qb5 Rd8 34. Be3 f4 35. Bc1 Qg6 36. Bxf4 Qg4 37. Be3 Rxf2 38. Bxf2 Bd5
39. Qf1 Rf8 40. Re3 Be4 41. Qc4+ Kh8 42. Qxe4 1-0

[Event "66th ch-RUS HL w 2016"]
[Site "Kolomna RUS"]
[Date "2016.07.01"]
[Round "9.16"]
[White "Drogovoz, Irina"]
[Black "Severina, Maria"]
[Result "1/2-1/2"]
[WhiteElo "2143"]
[BlackElo "2330"]
[EventDate "2016.06.22"]

1. d4 Nf6 2. c4 e6 3. Nf3 b6 4. g3 Bb7 5. Bg2 c5 6. d5 exd5 7. cxd5 Bxd5 8.
Nc3 Bc6 9. e4 d6 10. O-O Be7 11. Nh4 O-O 12. Nf5 Qd7 13. Bf4 Rd8 14. Qc2
Na6 15. Rad1 Ne8 16. Bh3 Qb7 17. Rd2 Bf8 18. Rfd1 Nb4 19. Qb1 c4 20. b3 Nd3
21. Be3 Nf6 22. bxc4 Ne5 23. Bg2 Nxc4 24. Re2 Nxe3 25. Nxe3 Rac8 26. Red2
Re8 27. Rd4 b5 28. Nf5 a5 29. Nxd6 Bxd6 30. Rxd6 b4 31. Nd5 Nxd5 32. exd5
Bb5 33. Bh3 Rc3 34. Rc6 Rxc6 35. dxc6 Bxc6 36. Qc2 g6 37. Rc1 Bb5 38. Qc5
Bd7 39. Bxd7 Qxd7 40. Qxa5 Qd2 41. Rb1 Re2 42. Qc5 Qxa2 43. Rxb4 Qa1+ 44.
Kg2 Qa8+ 45. Kh3 Re8 1/2-1/2

[Event "66th ch-RUS HL w 2016"]
[Site "Kolomna RUS"]
[Date "2016.07.01"]
[Round "9.17"]
[White "Baraeva, Marina"]
[Black "Shaydullina, Sandugach"]
[Result "1/2-1/2"]
[WhiteElo "2216"]
[BlackElo "2110"]
[EventDate "2016.06.22"]

1. c4 f5 2. g3 Nf6 3. Bg2 e5 4. Nc3 d6 5. e3 Nc6 6. Nge2 Be6 7. Nd5 e4 8.
Nef4 Bf7 9. Qb3 Rb8 10. h4 b5 11. d3 bxc4 12. Qxc4 Nxd5 13. Qxc6+ Qd7 14.
Qxd7+ Kxd7 15. dxe4 Nb4 16. Kd2 Bxa2 17. exf5 a5 18. Ne2 a4 19. Be4 d5 20.
Bc2 Bb3 21. Bxb3 axb3 22. Nd4 Na2 23. Kd1 Nxc1 24. Kxc1 Bd6 25. Ra5 Rb4 26.
Rxd5 Ra8 27. Rd1 Rc4+ 28. Kb1 c6 29. Rxd6+ Kxd6 30. Nxb3+ Ke7 31. Nd4 Ra6
32. f4 h5 33. e4 Raa4 34. Ne6 Rxe4 35. Nxg7 Rab4 36. Rd2 Re1+ 37. Kc2 Kf6
38. Nxh5+ Kxf5 39. Ng7+ Kg4 40. h5 Kxg3 41. f5 Rf1 42. h6 Rh4 43. Rd3+ Kg2
44. Rd6 Rff4 45. Rxc6 Kf3 46. Kc3 Ke4 47. b4 Kd5 48. Rc5+ Kd6 49. Ne8+ Ke7
50. Re5+ Kf8 51. b5 Rh3+ 52. Kd2 Rxh6 1/2-1/2

[Event "66th ch-RUS HL w 2016"]
[Site "Kolomna RUS"]
[Date "2016.07.01"]
[Round "9.18"]
[White "Rodionova, Polina"]
[Black "Lingur, Zalina"]
[Result "1/2-1/2"]
[WhiteElo "1981"]
[BlackElo "2182"]
[EventDate "2016.06.22"]

1. e4 c5 2. Nf3 d6 3. d4 cxd4 4. Nxd4 Nf6 5. Nc3 a6 6. Be3 e5 7. Nb3 Be6 8.
Qd2 Nbd7 9. O-O-O b5 10. f3 h5 11. Nd5 Rc8 12. Qf2 Nxd5 13. exd5 Bf5 14.
Bd3 Bxd3 15. Rxd3 Be7 16. h4 O-O 17. g4 e4 18. Rdd1 Ne5 19. Kb1 Nxf3 20.
gxh5 Bxh4 21. Qg2 Kh8 22. Nd4 Bg5 23. Rhg1 Bf6 24. Nxf3 exf3 25. Qxf3 Rc4
26. Rdf1 Be5 27. Bg5 f6 28. Bc1 Qc8 29. Rg6 Rh4 30. h6 Rf7 31. Rfg1 Qh3 32.
Qe2 Qf5 33. Rxg7 Rxg7 34. Rxg7 Rh2 35. Rg2 Rh1 36. Rg8+ Kxg8 37. Qg2+ Qg5
38. Qxh1 Qg6 39. Qf1 Kh7 40. Qf2 f5 41. Qa7+ Kg8 42. Qxa6 f4 43. Qxb5 Qg2
44. Qe8+ Kh7 45. Qf7+ Kh8 46. a4 f3 47. Qf8+ Kh7 48. Qf5+ Kh8 49. Be3 Qf1+
50. Ka2 Qc4+ 51. b3 Qc3 52. Qf8+ Kh7 53. Qf7+ 1/2-1/2

[Event "66th ch-RUS HL w 2016"]
[Site "Kolomna RUS"]
[Date "2016.07.01"]
[Round "9.19"]
[White "Lysenko, Margarita"]
[Black "Matiukova, Uliana"]
[Result "1-0"]
[WhiteElo "2097"]
[BlackElo "2179"]
[EventDate "2016.06.22"]

1. d4 Nf6 2. c4 e6 3. Nc3 Bb4 4. f3 c5 5. d5 exd5 6. cxd5 d6 7. e4 O-O 8.
Bd3 a6 9. a4 Nbd7 10. Ne2 Ne5 11. Be3 Bd7 12. O-O Rc8 13. Ng3 Nxd3 14. Qxd3
Re8 15. Kh1 Qe7 16. Rfe1 Ba5 17. Qd2 h6 18. Re2 Ra8 19. Bf4 g5 20. e5 gxf4
21. exf6 Qxf6 22. Nge4 Qg6 23. Qxf4 f5 24. Qxd6 Qxd6 25. Nxd6 Rxe2 26. Nxe2
Ra7 27. Ng3 f4 28. Nge4 b6 29. Nc4 Rc7 30. Nxa5 bxa5 31. Rc1 Bxa4 32. d6
Rf7 33. Rxc5 Bb5 34. Kg1 Kg7 35. Kf2 Kg6 36. Rc7 Kg7 37. Nc5 1-0

[Event "66th ch-RUS HL w 2016"]
[Site "Kolomna RUS"]
[Date "2016.07.01"]
[Round "9.20"]
[White "Korchagina, Alena"]
[Black "Sukhareva, Evgeniya"]
[Result "1/2-1/2"]
[WhiteElo "2091"]
[BlackElo "2156"]
[EventDate "2016.06.22"]

1. d4 d5 2. c4 e6 3. Nc3 Nf6 4. cxd5 Nxd5 5. e4 Nxc3 6. bxc3 c5 7. Nf3 cxd4
8. cxd4 Bb4+ 9. Bd2 Bxd2+ 10. Qxd2 O-O 11. Bc4 Qe7 12. O-O Rd8 13. Rfd1 b6
14. Rac1 Bb7 15. Qf4 Nd7 16. d5 exd5 17. exd5 Qf6 18. Qe3 Rac8 19. Ng5 Re8
20. Qg3 h6 21. Nf3 a6 22. Qg4 Ne5 23. Nxe5 Rxe5 24. Qd7 Re7 25. Qg4 Re5 26.
Qd7 Re7 27. Qg4 Re5 28. Qd7 Re7 29. Qg4 Re5 1/2-1/2

[Event "66th ch-RUS HL w 2016"]
[Site "Kolomna RUS"]
[Date "2016.07.01"]
[Round "9.21"]
[White "Nasybullina, Alfia"]
[Black "Mukhina, Jana"]
[Result "0-1"]
[WhiteElo "2143"]
[BlackElo "2017"]
[EventDate "2016.06.22"]

1. d4 Nf6 2. Nf3 e6 3. Bf4 c5 4. c3 d5 5. e3 Nc6 6. Nbd2 Bd6 7. Bg3 Qc7 8.
dxc5 Bxg3 9. hxg3 e5 10. Bb5 a6 11. Ba4 O-O 12. Bc2 e4 13. Nd4 Ne5 14. b4
Bg4 15. Qb1 b6 16. N2b3 Ned7 17. c6 Nb8 18. Bd1 Nxc6 19. Qb2 Ne5 20. O-O
Nd3 21. Qd2 Bxd1 22. Raxd1 Ng4 23. f3 Nge5 24. f4 Ng4 25. Qe2 h5 26. Rxd3
exd3 27. Qxd3 Rfe8 28. Rf3 Rac8 29. Qf5 g6 30. Qxd5 Qxc3 31. f5 Qe1+ 32.
Rf1 Qxf1+ 0-1

[Event "66th ch-RUS HL w 2016"]
[Site "Kolomna RUS"]
[Date "2016.07.01"]
[Round "9.22"]
[White "Selifonova, Aleksandra"]
[Black "Alekseeva, Irina"]
[Result "1/2-1/2"]
[WhiteElo "1980"]
[BlackElo "2161"]
[EventDate "2016.06.22"]

1. e4 c5 2. Nf3 e6 3. d4 cxd4 4. Nxd4 Nf6 5. Nc3 Nc6 6. Ndb5 Bc5 7. Nd6+
Ke7 8. Bf4 Qb6 9. Qd2 Ng4 10. O-O-O Na5 11. Bg5+ f6 12. Nxc8+ Rhxc8 13. Na4
Qc6 14. Nxc5 Qxc5 15. Bf4 e5 16. Bg3 Qc7 17. Be2 Nh6 18. Qb4+ d6 19. c3 Nc6
20. Qa3 a6 21. Rd2 b5 22. Kb1 b4 23. cxb4 Nd4 24. Bd3 a5 25. b5 Nf7 26. f3
Nd8 27. b3 Qc3 28. Qb2 Qb4 29. a3 Qc5 30. a4 Qb4 31. Bc4 N8e6 32. Rhd1 Rxc4
33. bxc4 Qxa4 34. Qa2 Qb4+ 35. Rb2 Qc5 36. Bf2 a4 37. b6 a3 38. Rb5 Qc6 39.
Rb4 Ra4 40. Rb3 Qb7 41. Ka1 Nxb3+ 42. Qxb3 Ra6 43. Qb4 Nd4 44. Bxd4 exd4
45. c5 dxc5 46. Qxc5+ Kf7 47. Qc7+ Qxc7 48. bxc7 Rc6 49. Rxd4 Rxc7 50. Rd2
Rc3 51. Ka2 Re3 1/2-1/2

[Event "66th ch-RUS HL w 2016"]
[Site "Kolomna RUS"]
[Date "2016.07.01"]
[Round "9.23"]
[White "Chkhan, Viktoria"]
[Black "Mikhailova, Lubov"]
[Result "1/2-1/2"]
[WhiteElo "2164"]
[BlackElo "2051"]
[EventDate "2016.06.22"]

1. d4 d5 2. c4 c6 3. cxd5 cxd5 4. Nf3 Nf6 5. Nc3 Nc6 6. Bf4 a6 7. e3 Bg4 8.
Be2 e6 9. O-O Bd6 10. Bxd6 Qxd6 11. Rc1 O-O 12. h3 Bh5 13. Na4 Ne4 14. Nc5
Nxc5 15. Rxc5 Rac8 16. Nd2 Bxe2 17. Qxe2 Ne7 18. Rfc1 g6 19. Rxc8 Rxc8 20.
Qd1 Rxc1 21. Qxc1 Nc6 22. g3 h5 23. h4 Kg7 24. Kg2 Qb4 25. a3 Qb6 26. Nf3
Qd8 27. Qc3 Qf6 28. b4 Qe7 29. Ne5 Nxe5 30. dxe5 Qd7 31. Qc5 Qa4 32. Qe7
Qxa3 33. Qf6+ Kg8 34. Qd8+ Kg7 35. Qf6+ Kg8 36. Qd8+ Kg7 37. Qf6+ Kg8 38.
Qd8+ Kg7 39. Qf6+ Kg8 40. Qd8+ Kg7 41. Qf6+ 1/2-1/2

[Event "66th ch-RUS HL w 2016"]
[Site "Kolomna RUS"]
[Date "2016.07.01"]
[Round "9.24"]
[White "Bocharova, Ulyana"]
[Black "Samdanova, Surena"]
[Result "1-0"]
[WhiteElo "1894"]
[BlackElo "2060"]
[EventDate "2016.06.22"]

1. d4 d5 2. c4 e6 3. Nc3 c6 4. cxd5 exd5 5. Bf4 Bd6 6. Bxd6 Qxd6 7. Nf3 Bf5
8. e3 Nf6 9. Bd3 Bxd3 10. Qxd3 Nbd7 11. O-O O-O 12. a3 Rfe8 13. Nd2 g6 14.
b4 b5 15. e4 dxe4 16. Ndxe4 Qf4 17. g3 Qg4 18. f3 Qh5 19. Rad1 a5 20. d5
cxd5 21. Nxd5 Nxe4 22. fxe4 axb4 23. Qxb5 Ra7 24. Qxb4 Qe5 25. Qd4 Rxa3 26.
Qf2 Rf8 27. Rde1 f5 28. Qe2 Qd4+ 29. Kh1 Rf7 30. Rf4 Rb3 31. Qa6 Rb2 32.
Qc8+ Kg7 33. Nc7 Nf8 34. Qxf8+ Rxf8 35. Ne6+ Kg8 36. Nxd4 fxe4 37. Rxf8+
Kxf8 38. Rxe4 Kf7 39. Ne2 Kf6 40. Kg2 g5 41. Kf2 h5 42. h4 Rb1 43. Nd4 Rb2+
44. Ke3 gxh4 45. Rxh4 Kg6 46. Ne2 Rb5 47. Nf4+ Kh6 48. Rxh5+ Rxh5 49. Nxh5
Kxh5 50. Kf4 Kg6 51. Kg4 Kh7 52. Kh5 Kh8 53. Kh6 Kg8 54. g4 Kh8 55. g5 Kg8
56. Kg6 1-0

[Event "66th ch-RUS HL w 2016"]
[Site "Kolomna RUS"]
[Date "2016.07.01"]
[Round "9.25"]
[White "Potapova, Margarita"]
[Black "Zelenskaya, Anastasiya"]
[Result "1-0"]
[WhiteElo "2061"]
[BlackElo "1662"]
[EventDate "2016.06.22"]

1. e4 c5 2. Nf3 Nc6 3. Bb5 e5 4. Bc4 Be7 5. O-O Nf6 6. Re1 O-O 7. d3 d6 8.
c3 a6 9. d4 cxd4 10. cxd4 exd4 11. Nxd4 d5 12. exd5 Nxd5 13. Bxd5 Qxd5 14.
Nxc6 bxc6 15. Qxd5 cxd5 16. Rxe7 Be6 17. Be3 d4 18. Bf4 Rfc8 19. Na3 d3 20.
f3 Rc5 21. Rd1 Bf5 22. Re5 Rxe5 23. Bxe5 Re8 24. Bc3 f6 25. Nc4 Bg6 26. Nd6
Re6 27. Ne4 1-0